Street Suffixes (A-Z) Quiz Stats

 Plays Quiz Updated May 9, 2013

Also try: Asian Cities A-Z
Challenge
Share
Tweet
Embed
Score 0/22 Timer 04:00
9 Plays Today
Letter Street Suffix % Correct
AAvenue, Alley, Annex, Arcade
97%
SStreet, Square, Spur, Shore...
95.2%
CCourt, Center, Cape, Canyon...
90.4%
RRoad, Route, River, Ridge...
90.1%
LLane, Loop, Landing, Lake...
89.3%
BBoulevard, Bluff, Beach, Bend...
86.2%
WWay, Wall, Walk, Well
85.2%
PPlaza, Pike, Pass, Path...
83.5%
DDrive, Divide, Dam, Dale
77.3%
HHighway, Haven, Harbor, Heights...
72.1%
FFreeway, Ferry, Field, Fork...
62.1%
Letter Street Suffix % Correct
TTrail, Tunnel, Turnpike, Terrace...
60.1%
VValley, View, Viaduct, Vista...
59.8%
MMeadow, Mission, Motorway, Mountain...
52.2%
GGarden, Glen, Grove, Green...
47.2%
IIsland, Inlet, Isle
33.9%
OOrchard, Oval, Overpass
33.7%
UUnderpass, Union
32.8%
JJunction
23.9%
EExpressway, Estate, Extension
17.6%
KKey, Knoll
13.3%
NNeck
4.2%

You're not logged in!

Compare scores with friends on all Sporcle quizzes.
Join for Free
OR
Log In

You Might Also Like...

Show Comments

Extras

Top Quizzes Today


Score Distribution

Your Account Isn't Verified!

In order to create a playlist on Sporcle, you need to verify the email address you used during registration. Go to your Sporcle Settings to finish the process.

Report this User

Report this user for behavior that violates our Community Guidelines.

Details: